| 000 | 00000nam##2200000za#4500 |
| 001 | 9.604338 |
| 003 | CaOODSP |
| 005 | 20210624211529 |
| 007 | cr ||||||||||| |
| 008 | 150406|1997||||xxc|||||o f|0| 0 fre|d |
| 043 | |an-cn--- |
| 086 | 1 |aEn56-119/3-1997-1F-PDF |
| 110 | 1 |aCanada. |bEnvironnement Canada. |
| 245 | 13|aLe chapitre québécois, sommaire exécutif|h[ressource électronique] |
| 246 | 1 |iTitre de renvoi : |aImpacts et adaptation à la variabilité et au changement climatique au Québec : résumé-synthèse |
| 260 | |aOttawa - Ontario : |bEnvironnement Canada |c[1997]. |
| 300 | |a19p.|btableaux |
| 490 | 1 |aL'Étude pan-canadienne |
| 500 | |aTitre de départ. -- En tête du titre : L'Étude pan-canadienne sur les impacts et l'adaptation à la variabilité et au changement du climat. |
| 590 | |a12-31-Supp|b2012-07-06 |
| 775 | 08|tThe Québec chapter of the Canada country study, climate impacts and adaptation : |w(CaOODSP)9.574600 |
| 776 | 0#|tQuébec chapter of the Canada country study: climate impacts and adaptation : |w(CaOODSP)9.529646 |
| 776 | 0#|tChapitre québécois de l'étude pan-canadienne sur les impacts et l'adaptation à la variabilité et au changement du climat : |w(CaOODSP)9.529647 |
| 830 | #0|aL'étude pan-canadienne.|w(CaOODSP)9.503450 |
| 856 | 40|ahttp://publications.gc.ca|qPDF|s74 Ko|uhttps://publications.gc.ca/collections/Collection/En56-119-3-1997-1F.pdf |
| 040 | |aCaOODSP|bfre |